000 02101nam2a2200337 4500
001 RU\NLR\BIBL_A\022279196
005 20240809181918.0
010 _a978-5-248-01083-7
_9300
021 _aRU
_bКН-П-24-032058
_9КН-П-24-3244
035 _a(NLR Aleph) 022279196
090 _a12385698
_c12385698
100 _a20240716d2023 u y0rusy50 ca
101 0 _arus
102 _aRU
105 _ay z 001yd
200 1 _aЧеловек выстоит. Фантастический реализм Фолкнера
_dMan will endure. Faulkner's fantastic realism
_zeng
210 _d2023
215 _a284 с.
320 _aБиблиогр. в подстроч. примеч.
320 _aУказ. основных произведений Фолкнера (романы, повести, сборники): с. 283
461 0 _1001RU\NLR\BIBL_A\022279192
_12001#$aСобрание сочинений$dCollected works$eв 4 т.$fА. Н. Николюкин$gответственный редактор: кандидат филологических наук А. В. Маньковский$gИнститут научной информации по общественным наукам Российской академии наук$zeng$vТ. 3, кн. 1
_1700#1$aНиколюкин$bА. Н.$f1928-$gАлександр Николаевич$3RU\NLR\AUTH\770165365
_912385683
_aНиколюкин, А. Н. (1928-)
_cМосква
_d2023-
_eИзд. 2-е
_fА. Н. Николюкин
_lCollected works
_nРАН ИНИОН
_oв 4 т.
_tСобрание сочинений
_vТ. 3, кн. 1
510 1 _aMan will endure. Faulkner's fantastic realism
_zeng
517 1 _aФантастический реализм Фолкнера
600 1 _aФолкнер
_bУ.
_f1897 - 1962
_gУильям
_91076340
_3RU\NLR\AUTH\66101313
686 1 _aШ5(7США)6-4Фолкнер
702 1 _4280
_7ca
_8rus
_aФолкнер
_bУ.
_f1897-1962
_gУильям
_96934
_3RU\NLR\AUTH\7723881
942 _cBOOK
980 _aNB